| 000 | 00964nam a2200265Ia 4500 | ||
|---|---|---|---|
| 003 | OSt | ||
| 005 | 20220930090822.0 | ||
| 006 | a|||||r|||| 00| 0 | ||
| 007 | ta | ||
| 008 | 220926b |||||||| |||| 00| 0 eng d | ||
| 024 | _a2201 | ||
| 037 | _cTheses | ||
| 040 |
_aCRL _cCRL _beng |
||
| 041 |
_2eng _aeng |
||
| 100 |
_aManjhi Mukesh _9543736 |
||
| 110 |
_aUniversity of Delhi. Faculty of Medical Sciences. Department of Dermatology, Venereology and Leprology _9543737 |
||
| 245 | 0 | _aClinical study of acne scarring and the role of fractional erbium glass laser in its treatment | |
| 260 | _c2012 | ||
| 650 | _aSKIN - DISEASES | ||
| 700 |
_a Dr. Kabir Sardana Gu. _9543738 |
||
| 700 |
_a Dr. Vijay Kumar Gu. _9535899 |
||
| 700 |
_aUniversity of Delhi. Faculty of Medical Sciences. Department of Dermatology, Venereology and Leprology _9543739 |
||
| 942 |
_cDIS _2CC |
||
| 999 |
_c881191 _d881191 |
||